[Event "22nd ch-EUR Indiv 2022"]
[Site "Terme Catez SLO"]
[Date "2022.03.27"]
[Round "1.112"]
[White "Firat, Burak"]
[Black "Novosel, Lovro"]
[Result "1-0"]
[WhiteTitle "GM"]
[WhiteElo "2487"]
[BlackElo "2099"]
[WhiteFideId "6305881"]
[BlackFideId "14547120"]
[EventDate "2022.03.27"]

1. Nf3 Nf6 2. c4 e6 3. g3 d5 4. Bg2 c6 5. b3 Be7 6. O-O O-O 7. Bb2 b6 8. d3 Nbd7
9. e4 Bb7 10. Qe2 Rc8 11. Nbd2 Qc7 12. e5 Ne8 13. Ne1 g6 14. f4 Ng7 15. Nc2 Nf5
16. Nf3 dxc4 17. bxc4 b5 18. g4 Ng7 19. Ne3 bxc4 20. dxc4 Rfd8 21. Rad1 Nc5 22.
Bd4 Qa5 23. Qc2 Ba8 24. Ng5 Qc7 25. h3 Rd7 26. Bc3 Rcd8 27. Rxd7 Rxd7 28. Rd1 h6
29. Nf3 Rxd1+ 30. Nxd1 Qb6 31. Nf2 Na6 32. Bd4 c5 33. Be3 Nb4 34. Qb3 Qc7 35.
Nd2 Bxg2 36. Kxg2 Ne8 37. a3 Nc6 38. Nde4 Nd4 39. Bxd4 cxd4 40. Qb5 Kf8 41. c5
Qd8 42. Nd6 Nc7 43. Qb7 Nd5 44. Qxa7 Nxf4+ 45. Kf3 Nd5 46. Nfe4 Kg7 47. c6 h5
48. c7 hxg4+ 49. hxg4 Nxc7 50. Qxc7 Qxc7 51. Ne8+ Kf8 52. Nxc7 Bxa3 53. Nb5 Bb2
54. Nc5 Bc1 55. Nxd4 Kg7 56. Nd7 Bb2 57. Ke4 Kh6 58. Nf6 Bc1 59. Nf3 Kg7 60.
Ne8+ Kf8 61. Nd6 Ke7 62. Nc8+ Kd7 63. Nb6+ Ke7 64. Nd4 Bb2 65. Nc6+ Kf8 66. Nc4
Bc3 67. Nd6 Kg7 68. Nd8 f5+ 69. exf6+ Kxf6 70. Nc6 Bb2 71. Nc4 Bc3 72. Kf3 Ba1
73. Nb4 Bd4 74. Nd3 Kg5 75. Nd6 Kf6 76. Ne4+ Ke7 77. Nf4 Bb2 78. Nxg6+ 1-0

[Event "22nd ch-EUR Indiv 2022"]
[Site "Terme Catez SLO"]
[Date "2022.03.27"]
[Round "1.113"]
[White "Hryzlova, Sofiia"]
[Black "Ioannidis, Evgenios"]
[Result "0-1"]
[WhiteTitle "WCM"]
[BlackTitle "IM"]
[WhiteElo "2097"]
[BlackElo "2481"]
[WhiteFideId "14174669"]
[BlackFideId "4229274"]
[EventDate "2022.03.27"]

1. d4 d5 2. c4 e6 3. Nc3 Bb4 4. Bd2 Nf6 5. e3 O-O 6. Nf3 a6 7. cxd5 exd5 8. Bd3
Re8 9. O-O Bd6 10. Qb1 Bg4 11. Bf5 Bh5 12. Ne1 Nbd7 13. b4 Nb6 14. Bd3 c6 15. a4
Bg6 16. Bxg6 hxg6 17. Bc1 Nc4 18. h3 Qe7 19. Nd3 g5 20. Ne2 Ne4 21. Ra2 f5 22.
Nc5 a5 23. f3 Nf6 24. e4 axb4 25. Bxg5 Bxc5 26. e5 Bxd4+ 27. Nxd4 Qxe5 28. Nxf5
Nh7 29. Bc1 b3 30. Raf2 Nf8 31. g4 Rxa4 32. Qxb3 b5 33. f4 Qf6 34. Qd3 Re4 35.
Ng3 Qd4 36. Qf3 Re8 37. Rd1 Qa7 38. Kh1 Ra2 39. Rxa2 Qxa2 40. g5 Qc2 41. Rg1 Ng6
42. h4 Ra8 43. Qg4 Ra2 44. Qh3 Qf2 45. Rf1 Qc2 46. Rg1 Nf8 47. h5 Qc3 48. Qg4
Rc2 49. Ne2 Qd3 50. Ng3 Nd6 51. f5 Rc4 52. Qd1 Ne4 53. Qxd3 Nf2+ 54. Kg2 Nxd3
55. Be3 Rc2+ 56. Kf3 Nd7 57. Bd4 c5 58. Bxg7 Kxg7 59. h6+ Kh7 60. Rh1 N3e5+ 61.
Ke3 Rc3+ 62. Kf2 Ng4+ 63. Kg2 Rc2+ 64. Kg1 Rc1+ 65. Nf1 Ne3 66. g6+ Kh8 0-1

[Event "22nd ch-EUR Indiv 2022"]
[Site "Terme Catez SLO"]
[Date "2022.03.27"]
[Round "1.114"]
[White "Ahmadzada, Ahmad"]
[Black "Tancsa, Tamas"]
[Result "1-0"]
[WhiteTitle "IM"]
[WhiteElo "2480"]
[BlackElo "2096"]
[WhiteFideId "13413007"]
[BlackFideId "783749"]
[EventDate "2022.03.27"]

1. Nf3 Nf6 2. g3 g6 3. Bg2 Bg7 4. O-O O-O 5. d4 d6 6. Nc3 Nbd7 7. e4 e5 8. Re1
c6 9. a4 Qe7 10. h3 Rd8 11. Be3 Ne8 12. Qd2 Nc7 13. Rad1 Bf8 14. a5 a6 15. Na4
exd4 16. Nxd4 Rb8 17. b3 c5 18. Ne2 Ne5 19. f4 Nc6 20. Nb6 Be6 21. Nc3 Bg7 22.
g4 f5 23. exf5 gxf5 24. Ncd5 Nxd5 25. Nxd5 Qf7 26. g5 Kh8 27. c4 Bxd5 28. Bxd5
Qh5 29. Kg2 Ne7 30. Bxc5 Ng6 31. Bd4 Re8 1-0

[Event "22nd ch-EUR Indiv 2022"]
[Site "Terme Catez SLO"]
[Date "2022.03.27"]
[Round "1.115"]
[White "Rozman, Monika"]
[Black "Gharibyan, Mamikon"]
[Result "1/2-1/2"]
[WhiteTitle "WFM"]
[BlackTitle "IM"]
[WhiteElo "2094"]
[BlackElo "2479"]
[WhiteFideId "14609118"]
[BlackFideId "13308300"]
[EventDate "2022.03.27"]

1. e4 c5 2. Nf3 Nc6 3. d4 cxd4 4. Nxd4 Nf6 5. Nc3 d6 6. Bg5 e6 7. Qd2 a6 8.
O-O-O Bd7 9. Nxc6 Bxc6 10. Bd3 h6 11. Bxf6 Qxf6 12. Rhe1 Be7 13. f4 Qd4 14. Kb1
Bf6 15. g4 O-O-O 16. Re3 Qb6 17. Rh3 Kb8 18. Rf1 Qb4 19. a3 Bxc3 20. Qxc3 Qxc3
21. bxc3 Rc8 22. Re3 Be8 23. Be2 g5 24. e5 gxf4 25. Rxf4 dxe5 26. Rf6 Rc5 27.
Rh3 Kc7 28. g5 e4 29. Rhxh6 Rg8 30. g6 fxg6 31. Rxe6 Bc6 32. Kb2 g5 33. Re7+ Kb8
34. Kb3 Rc8 35. c4 Rd8 36. Kb4 Rf5 37. c5 a5+ 38. Kxa5 Rxc5+ 39. Kb6 Rxc2 40.
Bb5 Rc8 41. Rg6 e3 42. Rxg5 Rxh2 43. Rxe3 Bxb5 44. Rxb5 Rh6+ 45. Ka5 Rc4 46. Rb6
Rc5+ 47. Kb4 Rxb6+ 48. Kxc5 Ka7 49. Kc4 Ka6 50. Re5 Rb1 51. Kc3 Ka7 1/2-1/2

[Event "22nd ch-EUR Indiv 2022"]
[Site "Terme Catez SLO"]
[Date "2022.03.27"]
[Round "1.116"]
[White "Dudin, Gleb"]
[Black "Gregoric, Andraz"]
[Result "1-0"]
[WhiteTitle "IM"]
[WhiteElo "2477"]
[BlackElo "2091"]
[WhiteFideId "34184934"]
[BlackFideId "14629461"]
[EventDate "2022.03.27"]

1. c4 e5 2. Nc3 Nc6 3. g3 g6 4. Bg2 Bg7 5. d3 d6 6. Rb1 Bd7 7. b4 Qc8 8. b5 Nd8
9. a4 h6 10. Ba3 Ne6 11. e3 Ne7 12. Nge2 O-O 13. O-O Rb8 14. Nd5 Re8 15. Nec3 b6
16. a5 Nf5 17. axb6 axb6 18. Bb2 h5 19. Ra1 Qd8 20. Ra7 Rc8 21. Qe2 Nh6 22. Nb4
h4 23. Nc6 Qg5 24. Ne4 Qf5 25. Nxd6 cxd6 26. e4 Nd4 27. Bxd4 Qe6 28. Bxb6 Bxc6
29. bxc6 Rxc6 30. Be3 Rec8 31. Rb1 hxg3 32. hxg3 R8c7 33. Rb8+ Kh7 34. Raa8 Rc8
35. Qb2 Qd7 36. Qb5 Rxb8 37. Qxb8 Rc7 38. Bh3 Qc6 39. Qe8 Qb7 40. Rb8 Qa6 41.
Bxh6 Kxh6 42. Qd8 Qa5 43. Qh4# 1-0

[Event "22nd ch-EUR Indiv 2022"]
[Site "Terme Catez SLO"]
[Date "2022.03.27"]
[Round "1.117"]
[White "Debevec, Blaz"]
[Black "Mirzoev, Emil"]
[Result "1/2-1/2"]
[WhiteTitle "CM"]
[BlackTitle "GM"]
[WhiteElo "2084"]
[BlackElo "2475"]
[WhiteFideId "14605813"]
[BlackFideId "14108640"]
[EventDate "2022.03.27"]

1. e4 c5 2. Nf3 e6 3. b3 b6 4. Bb2 Bb7 5. Qe2 Nc6 6. g3 d5 7. d3 d4 8. Bg2 e5 9.
O-O Bd6 10. Nbd2 Nge7 11. Nh4 O-O 12. f4 exf4 13. gxf4 Bc7 14. a3 Ng6 15. Nxg6
fxg6 16. Qg4 a5 17. e5 Qe8 18. Rae1 Rd8 19. Ne4 Bc8 20. Qh4 Bf5 21. Bc1 h6 22.
Ng3 Bc8 23. Ne4 Bf5 24. Ng3 Bc8 25. Ne4 Be6 26. Bd2 Qd7 27. a4 Ne7 28. Kh1 Nf5
29. Qf2 Rf7 30. Ng3 Nh4 31. Bf3 Nxf3 32. Qxf3 Bd5 33. Ne4 Bxe5 34. Qg3 Rdf8 35.
Kg1 Bc7 36. Qxg6 Bxf4 37. Bxf4 Rxf4 38. Rxf4 Rxf4 39. Ng3 Rf8 40. Qxb6 Qg4 41.
Re2 h5 42. Qd6 Bf3 43. Qe6+ Qxe6 44. Rxe6 Bd1 45. Re5 Bxc2 46. Rxc5 Bxd3 47.
Rxh5 Bc2 48. Rxa5 Bxb3 49. Rb5 Bc2 50. Rd5 d3 51. Ne4 Rc8 52. Nf2 Rc3 53. a5 Ra3
54. a6 Kf7 55. a7 Ke6 56. Rd8 Rxa7 57. Nxd3 Ra2 58. Nf2 Bb3 59. Rd3 Bd5 60. h3
Ke5 61. Rg3 Kf4 62. Rxg7 Kf3 63. Rg2 Ra1+ 64. Kh2 Ra2 65. Kg1 Ba8 66. Kh2 Rb2
67. Kg1 Bb7 68. Kh2 Rc2 69. Kg1 Ra2 70. Kh2 Rb2 71. Kg1 Rb1+ 72. Kh2 Rb2 73. Kg1
Ra2 74. Kh2 Ba8 75. Kg1 Ra1+ 76. Kh2 Ke2 77. Ng4+ Bxg2 78. Kxg2 Kd3 79. Kf3 Rf1+
80. Nf2+ Kd4 81. h4 Ke5 82. Kg2 Ra1 83. Kf3 Kf5 84. h5 Ra3+ 85. Ke2 Kg5 86. h6
Kxh6 87. Ng4+ Kg5 88. Nf2 Kf4 89. Nd3+ Ke4 90. Nf2+ Kd4 91. Nd1 Rb3 92. Nf2 Re3+
93. Kd2 Re7 94. Nd1 Ke4 95. Nc3+ Kf3 96. Kd3 Rd7+ 97. Kc4 Rd8 98. Nd5 Ke4 99.
Nc3+ Ke5 100. Nb5 Rc8+ 101. Kd3 Rh8 102. Kc4 Rh1 103. Nc3 Rc1 104. Kd3 Rh1 105.
Kc4 Rh4+ 106. Kc5 Rg4 107. Nb5 Rg8 108. Nc3 Rc8+ 109. Kb4 Kd4 110. Nb5+ Kd3 111.
Nd6 Rc7 112. Kb5 Rc1 113. Kb6 Kd4 114. Nb5+ Kd5 115. Nc7+ Kd6 116. Nb5+ Kd7 117.
Nd4 Rc4 118. Nb5 Rc6+ 119. Ka5 Rc1 120. Kb6 Rc4 121. Na3 Rc6+ 122. Kb5 1/2-1/2

[Event "22nd ch-EUR Indiv 2022"]
[Site "Terme Catez SLO"]
[Date "2022.03.27"]
[Round "1.118"]
[White "Loiseau, Quentin"]
[Black "Vaupot, Luka"]
[Result "1-0"]
[WhiteTitle "IM"]
[WhiteElo "2474"]
[BlackElo "2083"]
[WhiteFideId "665274"]
[BlackFideId "14627671"]
[EventDate "2022.03.27"]

1. e4 e6 2. d4 d5 3. Nc3 Nf6 4. e5 Nfd7 5. f4 c5 6. Nf3 Nc6 7. Be3 cxd4 8. Nxd4
Bc5 9. Qd2 O-O 10. O-O-O a6 11. Nb3 Bb4 12. Bd3 b5 13. g4 Bb7 14. Rhg1 Rc8 15.
Rg3 Bxc3 16. bxc3 Na5 17. Rh3 g6 18. Bd4 Nc4 19. Bxc4 dxc4 20. f5 f6 21. fxg6
Be4 22. gxh7+ Bxh7 23. exf6 Nxf6 24. Qg5+ Kh8 25. Bxf6+ Qxf6 26. Rxh7+ 1-0

[Event "22nd ch-EUR Indiv 2022"]
[Site "Terme Catez SLO"]
[Date "2022.03.27"]
[Round "1.119"]
[White "Zlatkov, Anton"]
[Black "Holm, Kristian Stuvik"]
[Result "0-1"]
[BlackTitle "IM"]
[WhiteElo "2081"]
[BlackElo "2468"]
[WhiteFideId "15005402"]
[BlackFideId "1508083"]
[EventDate "2022.03.27"]

1. e4 c5 2. Nf3 Nc6 3. Bb5 e6 4. O-O Nge7 5. c3 a6 6. Ba4 c4 7. d4 cxd3 8. Qxd3
Ng6 9. Be3 Be7 10. Nbd2 O-O 11. Nd4 Qc7 12. g3 b5 13. Bc2 Nge5 14. Qe2 Bb7 15.
Rac1 Na5 16. Bf4 d6 17. Bb1 Rac8 18. b3 Rfd8 19. Be3 Nac6 20. f4 Nd7 21. N2f3
Nf6 22. h3 d5 23. Nxc6 Bxc6 24. e5 Ne4 25. Kh2 Bb7 26. Bd4 Ba3 0-1

[Event "22nd ch-EUR Indiv 2022"]
[Site "Terme Catez SLO"]
[Date "2022.03.27"]
[Round "1.120"]
[White "Subelj, Jan"]
[Black "Ruzic, Pia Marie"]
[Result "1-0"]
[WhiteTitle "IM"]
[WhiteElo "2468"]
[BlackElo "2072"]
[WhiteFideId "14618583"]
[BlackFideId "14620057"]
[EventDate "2022.03.27"]

1. e4 e6 2. d4 d5 3. Nc3 Nf6 4. Bg5 dxe4 5. Nxe4 Be7 6. Nxf6+ Bxf6 7. Bxf6 Qxf6
8. Nf3 O-O 9. Qd3 c5 10. O-O-O cxd4 11. Qe4 Nd7 12. Bb5 Nc5 13. Qxd4 Qxd4 14.
Rxd4 a6 15. Rc4 Nb3+ 16. cxb3 axb5 17. Rc7 e5 18. Nxe5 Rxa2 19. Kc2 Bf5+ 20. Kc3
f6 21. Nf3 b4+ 22. Kxb4 Rxb2 23. Re1 Bg6 24. Nd4 Re8 25. Rxe8+ Bxe8 26. Ne6 g5
27. Rg7+ Kh8 28. Rxb7 Re2 29. Nd4 Re4 30. Kc3 Bg6 31. b4 Re1 32. b5 Rc1+ 33. Kd2
Rb1 34. b6 Be4 35. Rb8+ Kg7 36. f3 Bd5 37. Kc2 Rb4 38. Kc3 Rc4+ 39. Kd3 Rb4 40.
Rd8 1-0

[Event "22nd ch-EUR Indiv 2022"]
[Site "Terme Catez SLO"]
[Date "2022.03.27"]
[Round "1.121"]
[White "Easwaralingam, Adesh"]
[Black "Yilmazyerli, Mert"]
[Result "1/2-1/2"]
[BlackTitle "IM"]
[WhiteElo "2069"]
[BlackElo "2466"]
[WhiteFideId "1448552"]
[BlackFideId "6305962"]
[EventDate "2022.03.27"]

1. e4 c5 2. Nf3 d6 3. d4 cxd4 4. Nxd4 Nf6 5. Nc3 g6 6. Be3 a6 7. Qd2 Nbd7 8. f3
h5 9. O-O-O b5 10. Kb1 Bb7 11. h4 Bg7 12. g3 Qc7 13. a3 Rb8 14. Nb3 Ne5 15. Qf2
Nc4 16. Bxc4 bxc4 17. Bb6 Qc8 18. Na5 O-O 19. Bd4 Ba8 20. Qe2 Qc7 21. Nxc4 Rfc8
22. e5 Qxc4 23. exf6 Qxe2 24. Nxe2 Bxf6 25. Bxf6 Bxf3 26. Rh2 exf6 27. Rxd6 Rd8
28. Rxd8+ Rxd8 29. Nc3 g5 30. Rf2 g4 31. Kc1 f5 32. Rd2 Re8 33. Rd4 Re1+ 34. Kd2
Rg1 35. Rf4 Rxg3 36. Rxf5 Rg2+ 37. Kd3 Rh2 38. Rxh5 f6 39. Rf5 Kf7 40. Ne4 Ke6
41. Ra5 Ke7 42. Ng3 Rh3 43. Nf5+ Kd7 44. Ke3 Bd1+ 45. Kd2 Bf3 46. Ke3 Bd1+ 47.
Kd2 Bf3 1/2-1/2

[Event "22nd ch-EUR Indiv 2022"]
[Site "Terme Catez SLO"]
[Date "2022.03.27"]
[Round "1.122"]
[White "Petkov, Momchil"]
[Black "Van Hoolandt, Patrick"]
[Result "1-0"]
[WhiteTitle "IM"]
[BlackTitle "FM"]
[WhiteElo "2465"]
[BlackElo "2065"]
[WhiteFideId "2921642"]
[BlackFideId "200999"]
[EventDate "2022.03.27"]

1. d4 Nf6 2. c4 e6 3. g3 Bb4+ 4. Bd2 a5 5. Bg2 d5 6. Nf3 dxc4 7. a3 Bxd2+ 8.
Nbxd2 b5 9. b3 cxb3 10. Qxb3 c6 11. O-O O-O 12. Rfc1 Ra6 13. Qb2 Nfd7 14. Ne4
Qe7 15. Rc2 Rd8 16. h4 h6 17. e3 f5 18. Ned2 a4 19. e4 Rb6 20. Qa2 Qf7 21. Rac1
Bb7 22. Rc3 Na6 23. Bh3 Rf8 24. Bg2 c5 25. dxc5 Naxc5 26. e5 Bd5 27. Qb1 Qe7 28.
Nd4 Bxg2 29. Kxg2 Na6 30. N2f3 b4 31. Nc6 Qe8 32. axb4 Nc7 33. Ne7+ Qxe7 34.
Rxc7 Qe8 35. Ra7 a3 36. Qd3 a2 37. Qxd7 Qxd7 38. Rxd7 Ra8 39. Ra1 Rxb4 40. Rd2
Rba4 41. Ng1 g5 42. hxg5 hxg5 43. Nf3 g4 44. Ng5 R8a6 45. Rd6 Rxd6 46. exd6 1-0

[Event "22nd ch-EUR Indiv 2022"]
[Site "Terme Catez SLO"]
[Date "2022.03.27"]
[Round "1.123"]
[White "Dubnevych, Maksym"]
[Black "Markoja, Boris"]
[Result "0-1"]
[BlackTitle "IM"]
[WhiteElo "2065"]
[BlackElo "2461"]
[WhiteFideId "14184001"]
[BlackFideId "14608502"]
[EventDate "2022.03.27"]

1. e4 c5 2. Nf3 g6 3. d4 cxd4 4. Nxd4 Bg7 5. c4 Qb6 6. Nb3 Qc7 7. Be2 Nc6 8. O-O
d6 9. Nc3 Bxc3 10. bxc3 Nf6 11. Qd3 b6 12. Bh6 Rg8 13. Bg5 Nd7 14. f4 Ba6 15.
Rad1 Nd8 16. Nd2 Ne6 17. h4 h6 18. Bxh6 Rh8 19. f5 Rxh6 20. fxe6 Qc5+ 21. Qd4
fxe6 22. Qxc5 Nxc5 23. g3 e5 24. Rf2 Bb7 25. Rdf1 Rh8 26. Bf3 Bc8 27. Rh2 Be6
28. Bg2 Na4 29. Rf3 Rc8 30. Bf1 Nb2 31. Rhf2 Nxc4 32. Bxc4 Bxc4 33. Nxc4 Rxc4
34. Rf7 Rxc3 35. Kg2 Rg8 36. Kh3 b5 37. Kg4 b4 38. Rh7 Rf8 39. Rg2 Rf6 40. Rh8+
Kf7 41. Ra8 Re3 42. Rxa7 Rxe4+ 43. Kh3 Rc4 44. Rb7 e4 45. Re2 d5 0-1

[Event "22nd ch-EUR Indiv 2022"]
[Site "Terme Catez SLO"]
[Date "2022.03.27"]
[Round "1.124"]
[White "Davtyan, Artur"]
[Black "Yakimenko, Alexander A."]
[Result "1-0"]
[WhiteTitle "IM"]
[WhiteElo "2460"]
[BlackElo "2064"]
[WhiteFideId "13308327"]
[BlackFideId "24141917"]
[EventDate "2022.03.27"]

1. e4 e6 2. d4 d5 3. Nc3 Bb4 4. e5 c5 5. a3 Bxc3+ 6. bxc3 Qa5 7. Bd2 Qa4 8. Qg4
Kf8 9. Qd1 Nc6 10. Nf3 Nge7 11. dxc5 Qe4+ 12. Be2 Nxe5 13. O-O Nxf3+ 14. Bxf3
Qc4 15. Be2 Qxc5 16. c4 a5 17. cxd5 exd5 18. Be3 Qc6 19. c4 Be6 20. Bf3 Qxc4 21.
Rc1 Qh4 22. Rc7 Nc6 23. Rxb7 Ne5 24. Bxd5 Rd8 25. Bc5+ Ke8 26. g3 Bxd5 27. gxh4
Bxb7 28. Qe2 Rd5 29. Rb1 Bc6 30. Bd4 f6 31. Bxe5 Rxe5 32. Qc4 Bd5 33. Qc8+ Kf7
34. Qxh8 Re4 35. f3 Rxh4 36. Re1 Kg6 37. Re7 Bxf3 38. Rxg7+ Kf5 39. Qc8+ Kf4 40.
Qc7+ 1-0

[Event "22nd ch-EUR Indiv 2022"]
[Site "Terme Catez SLO"]
[Date "2022.03.27"]
[Round "1.125"]
[White "Maksimovic, Masa"]
[Black "Kaasen, Tor Fredrik"]
[Result "0-1"]
[WhiteTitle "WFM"]
[BlackTitle "IM"]
[WhiteElo "2063"]
[BlackElo "2460"]
[WhiteFideId "14408902"]
[BlackFideId "1516647"]
[EventDate "2022.03.27"]

1. e4 c5 2. Nf3 d6 3. d4 cxd4 4. Nxd4 Nf6 5. Nc3 Nc6 6. Be2 g6 7. Be3 Bg7 8. O-O
O-O 9. Nb3 a6 10. f4 Bd7 11. Bf3 Rb8 12. a4 b5 13. a5 Qc8 14. h3 Re8 15. Rf2 e5
16. Nd5 Nxd5 17. exd5 exf4 18. Bxf4 Ne5 19. Rb1 Nc4 20. Nd4 Nxb2 21. Rxb2 Qc3
22. Ne2 Qxb2 23. Bxd6 Rbc8 24. c3 Bxc3 25. Nxc3 Qxc3 26. Rf1 b4 27. Qb1 b3 28.
Ba3 Bf5 29. Qb2 Qxb2 30. Bxb2 Rc2 0-1

[Event "22nd ch-EUR Indiv 2022"]
[Site "Terme Catez SLO"]
[Date "2022.03.27"]
[Round "1.126"]
[White "Cvitan, Ognjen"]
[Black "Henseler, Jorgen"]
[Result "1-0"]
[WhiteTitle "GM"]
[WhiteElo "2458"]
[BlackElo "2059"]
[WhiteFideId "14500086"]
[BlackFideId "1023233"]
[EventDate "2022.03.27"]

1. d4 Nf6 2. c4 g6 3. Nf3 Bg7 4. g3 O-O 5. Bg2 d6 6. O-O Nbd7 7. Nc3 e5 8. e4 c6
9. h3 Qb6 10. Re1 exd4 11. Nxd4 Re8 12. Nc2 a5 13. b3 Ng4 14. Be3 Nxe3 15. Rxe3
Nc5 16. Qd2 h5 17. Rd1 Be6 18. Kh2 h4 19. f4 Rad8 20. gxh4 Bh6 21. Rg3 d5 22.
cxd5 cxd5 23. exd5 Bf5 24. Rf1 Ne4 25. Bxe4 Bxe4 26. Ne3 Qd6 27. Ng4 Bg7 28. h5
Bf5 29. hxg6 fxg6 30. Ne3 Bxc3 31. Qxc3 Rc8 32. Qd4 Qd7 33. Rfg1 Kh7 34. Ng4
Re2+ 35. R1g2 Rxg2+ 36. Rxg2 Bxg4 37. Rxg4 Rc2+ 38. Kg3 Qe7 39. Rh4+ 1-0

[Event "22nd ch-EUR Indiv 2022"]
[Site "Terme Catez SLO"]
[Date "2022.03.27"]
[Round "1.127"]
[White "Kotsinis, Alexandros"]
[Black "Barbot, Pierre1"]
[Result "0-1"]
[BlackTitle "IM"]
[WhiteElo "2055"]
[BlackElo "2455"]
[WhiteFideId "25870750"]
[BlackFideId "663727"]
[EventDate "2022.03.27"]

1. d4 Nf6 2. c4 e6 3. g3 Bb4+ 4. Bd2 a5 5. Bg2 d6 6. e3 e5 7. Ne2 O-O 8. O-O
exd4 9. exd4 Bxd2 10. Qxd2 c6 11. Nbc3 Nbd7 12. b3 Re8 13. h3 Nf8 14. Rae1 Bd7
15. d5 c5 16. a4 Qb6 17. Qc2 Ng6 18. Nc1 h5 19. f4 Rxe1 20. Rxe1 h4 21. f5 Ne5
22. g4 Re8 23. Ne4 Nxe4 24. Rxe4 Qb4 25. Kh2 Qa3 26. Kh1 Qa1 27. Qd2 Nd3 28.
Qxd3 Qxc1+ 29. Kh2 Rxe4 30. Qxe4 Kf8 31. Qf3 Qe1 32. Qf4 Qe7 33. g5 f6 34. g6
Qe5 35. Qxe5 fxe5 36. Be4 Ke7 0-1

[Event "22nd ch-EUR Indiv 2022"]
[Site "Terme Catez SLO"]
[Date "2022.03.27"]
[Round "1.128"]
[White "Maksimovic, Bojan"]
[Black "Zupancic, Urban"]
[Result "1-0"]
[WhiteTitle "IM"]
[WhiteElo "2455"]
[BlackElo "2047"]
[WhiteFideId "14408120"]
[BlackFideId "14606631"]
[EventDate "2022.03.27"]

1. e4 e5 2. Nf3 Nc6 3. Bb5 a6 4. Ba4 Nf6 5. O-O b5 6. Bb3 Be7 7. Re1 d6 8. c3
O-O 9. h3 Nb8 10. d4 Nbd7 11. Nbd2 Bb7 12. Bc2 Re8 13. Nf1 Bf8 14. Ng3 g6 15. a4
Nb6 16. b3 bxa4 17. bxa4 a5 18. Bd3 Qc8 19. Bg5 Nfd7 20. Qd2 Ba6 21. Bc2 Bg7 22.
Bh6 Bf6 23. Nf1 Nc4 24. Qc1 exd4 25. cxd4 c5 26. Qf4 cxd4 27. Rac1 Qd8 28. Bb3
Nde5 29. Red1 Qe7 30. Nxd4 Nb2 31. Rc7 Ned3 32. Rxe7 Nxf4 33. Rxf7 d5 34. Rxf6
Nxd1 35. Rxf4 Nc3 36. Ne3 Bb7 37. exd5 1-0

[Event "22nd ch-EUR Indiv 2022"]
[Site "Terme Catez SLO"]
[Date "2022.03.27"]
[Round "1.129"]
[White "Bashylina, Luisa"]
[Black "Neverov, Valeriy"]
[Result "0-1"]
[WhiteTitle "WFM"]
[BlackTitle "GM"]
[WhiteElo "2043"]
[BlackElo "2453"]
[WhiteFideId "12983292"]
[BlackFideId "14100150"]
[EventDate "2022.03.27"]

1. d4 Nf6 2. c4 e6 3. Nc3 Bb4 4. e3 c5 5. Ne2 b6 6. a3 Ba5 7. Rb1 Na6 8. g3 Bb7
9. d5 b5 10. b3 b4 11. axb4 Nxb4 12. Bg2 exd5 13. O-O Rb8 14. Nxd5 Nfxd5 15.
cxd5 O-O 16. e4 d6 17. Be3 Re8 18. Re1 Ba6 19. Nf4 Na2 20. Bd2 Nc3 21. Bxc3 Bxc3
22. Re3 Bd4 23. Re1 Bc3 24. Re3 Bd4 25. Re1 Qf6 26. Qc2 Rb6 27. Bf1 Bc8 28. Nd3
a5 29. Kg2 g5 30. Nb2 Rxb3 31. Nd3 Rc3 32. Qa4 Kf8 33. f4 Rxd3 34. Bxd3 gxf4 35.
Rf1 f3+ 36. Kh1 Bh3 0-1

[Event "22nd ch-EUR Indiv 2022"]
[Site "Terme Catez SLO"]
[Date "2022.03.27"]
[Round "1.130"]
[White "Kosakowski, Jakub"]
[Black "Martinkus, Rolandas"]
[Result "1-0"]
[WhiteTitle "IM"]
[BlackTitle "FM"]
[WhiteElo "2452"]
[BlackElo "2033"]
[WhiteFideId "1185080"]
[BlackFideId "12800481"]
[EventDate "2022.03.27"]

1. e4 e5 2. Nf3 Nc6 3. Bb5 a6 4. Ba4 Nf6 5. O-O Nxe4 6. d4 b5 7. Bb3 d5 8. dxe5
Be6 9. c3 Bc5 10. Nbd2 O-O 11. Bc2 f5 12. Nb3 Bb6 13. Nfd4 Nxd4 14. Nxd4 Bxd4
15. cxd4 f4 16. f3 Ng3 17. Rf2 Qh4 18. Bd2 Bf5 19. Rc1 a5 20. Bxf4 Qxf4 21. hxg3
Qxg3 22. Bxf5 Rxf5 23. Qd3 Rh5 24. Qxb5 Rd8 25. Qc5 Qh2+ 26. Kf1 Qf4 27. Ke2 c6
28. Qxa5 Qxc1 29. Qxd8+ Kf7 30. Qd7+ Kf8 31. Qc8+ Ke7 32. Qc7+ Ke8 33. Qb8+ Kf7
34. Qb7+ Ke8 35. e6 Qc2+ 36. Ke3 Qc1+ 37. Rd2 Qg1+ 38. Kd3 Qf1+ 39. Re2 1-0

[Event "22nd ch-EUR Indiv 2022"]
[Site "Terme Catez SLO"]
[Date "2022.03.27"]
[Round "1.131"]
[White "Qorri, Fatmir"]
[Black "Gadimbayli, Abdulla"]
[Result "0-1"]
[BlackTitle "IM"]
[WhiteElo "2031"]
[BlackElo "2451"]
[WhiteFideId "4702107"]
[BlackFideId "13404938"]
[EventDate "2022.03.27"]

1. e4 e6 2. Nc3 d5 3. d4 Nf6 4. Bg5 dxe4 5. Bxf6 Qxf6 6. Nxe4 Qd8 7. Nf3 Nd7 8.
Bd3 Be7 9. c3 O-O 10. Qe2 c5 11. dxc5 Nxc5 12. Nxc5 Bxc5 13. O-O Qe7 14. Rad1
Bb6 15. Rfe1 g6 16. h4 Rd8 17. h5 Bd7 18. b3 Rac8 19. c4 Be8 20. Ne5 Qh4 21.
hxg6 hxg6 22. Nf3 Qe7 23. g3 Bc6 24. Be4 Bxe4 25. Qxe4 Qc5 26. Rxd8+ Rxd8 27.
Re2 Rd1+ 28. Kg2 Qh5 29. Re1 Rxe1 30. Nxe1 Qa5 31. Qe2 Qc3 32. Nd3 Bd4 33. Ne1
Qa5 34. Nf3 Bb6 35. Qb2 Qc5 36. Qe2 Kf8 37. Ne5 Ke8 38. Nd3 Qd4 39. Ne1 a5 40.
a3 Bc5 41. a4 Qc3 42. Qd1 Ke7 43. Kf1 b6 44. Nd3 Bd4 45. Nf4 Be5 46. Ne2 Qf3 47.
Qc2 Bd6 48. Ng1 Qf6 49. Kg2 Bc5 50. Nh3 Qd4 51. Qe2 Qc3 52. Qd1 f6 53. Qe2 g5
54. Qd1 Bd4 55. Ng1 Bc5 56. Ne2 Qb2 57. Qd3 f5 58. Qf3 g4 59. Qd3 Qe5 60. f3 Qe3
61. Qxe3 Bxe3 62. fxg4 fxg4 63. Nc3 Kd6 64. Kf1 Bd4 65. Nb5+ Kc5 66. Ke2 Be5 67.
Kd3 Bxg3 68. Nd4 e5 69. Nc2 Bf2 70. Ke2 g3 71. Na3 Kb4 72. c5 Bxc5 0-1

[Event "22nd ch-EUR Indiv 2022"]
[Site "Terme Catez SLO"]
[Date "2022.03.27"]
[Round "1.132"]
[White "Petenyi, Tamas"]
[Black "Loukopoulos, Panagiotis-Athanasi"]
[Result "1-0"]
[WhiteTitle "IM"]
[WhiteElo "2451"]
[BlackElo "2020"]
[WhiteFideId "14909090"]
[BlackFideId "4293835"]
[EventDate "2022.03.27"]

1. e4 e6 2. d4 d5 3. Nd2 Nc6 4. Ngf3 Nf6 5. e5 Nd7 6. Bb5 a6 7. Bxc6 bxc6 8. Nb3
c5 9. Na5 c6 10. Bd2 Qc7 11. c4 cxd4 12. cxd5 Nxe5 13. O-O Bd6 14. Nxe5 Bxe5 15.
Qh5 O-O 16. Nxc6 Bf6 17. Rac1 exd5 18. Bb4 Re8 19. Ne7+ Rxe7 20. Rxc7 Rxc7 21.
Bd6 Rd7 22. Re1 Bb7 23. Bc5 d3 24. Qd1 Bxb2 25. Qxd3 h6 26. Rb1 Rc8 27. Qf5 Rdc7
28. Rxb2 Rxc5 29. h3 R5c7 30. Rxb7 1-0